[Event "Gibraltar Amateurs op-A"]
[Site "Caleta"]
[Date "2020.01.20"]
[Round "1"]
[White "Ocana, Jeremy"]
[Black "Camara Bordon, Luis Marcos"]
[Result "0-1"]
[WhiteElo "1708"]
[BlackElo "1349"]
[PlyCount "68"]
[EventDate "2020.01.20"]
[EventType "swiss"]
[EventRounds "5"]
[EventCountry "GGB"]
[SourceTitle "EXT 2021"]
[Source "ChessBase"]
[SourceDate "2020.10.23"]
[SourceVersion "1"]
[SourceVersionDate "2020.10.23"]
[SourceQuality "1"]

1. c4 Nf6 2. Nf3 g6 3. g3 Bg7 4. Bg2 0-0 5. 0-0 d6 6. d4 c6 7. Nc3 Nbd7 8. e4 e5 9. d5 Nc5 10. Re1 a5 11. Qc2 cxd5 12. cxd5 Bd7 13. Be3 Rc8 14. Bxc5 Rxc5 15. Qb3 Qb8 16. a4 Rfc8 17. Bf1 Qa7 18. h3 Bh6 19. Kg2 Kg7 20. Red1 Rxc3 21. bxc3 Nxe4 22. Qb2 Nxc3 23. Rd3 Nxa4 24. Rxa4 Bxa4 25. Nxe5 dxe5 26. Qxe5+ Kg8 27. Rf3 Bg7 28. Qe7 Rf8 29. Kg1 Qa8 30. Bc4 b5 31. Ba2 b4 32. Bc4 b3 33. Qa3 b2 34. Ba2 Bc2 0-1

[Event "Gibraltar Amateur op-A"]
[Site "Caleta"]
[Date "2019.01.24"]
[Round "4"]
[White "Ocana, Jeremy"]
[Black "Leimeister, Winfried"]
[Result "1-0"]
[WhiteElo "1695"]
[BlackElo "1870"]
[PlyCount "85"]
[EventDate "2019.01.21"]
[EventType "swiss"]
[EventRounds "5"]
[EventCountry "GGB"]
[SourceTitle "CBM 188 Extra"]
[Source "ChessBase"]
[SourceDate "2019.02.26"]
[SourceVersion "1"]
[SourceVersionDate "2019.02.26"]
[SourceQuality "1"]

1. d4 Nf6 2. Bf4 c5 3. e3 g6 4. c3 b6 5. Nf3 Bg7 6. h3 0-0 7. Be2 d6 8. 0-0 Ba6 9. Nbd2 Qc8 10. b4 Nd5 11. Bxa6 Qxa6 12. Qb3 Nxf4 13. exf4 Nd7 14. Rfe1 Rae8 15. Rac1 b5 16. bxc5 dxc5 17. Rb1 cxd4 18. cxd4 Qd6 19. Qxb5 a6 20. Qa4 Rb8 21. Nc4 Qd5 22. Rxb8 Nxb8 23. Rxe7 Bxd4 24. Rc7 Bg7 25. Nce5 h6 26. Qc2 Bxe5 27. Nxe5 Qe6 28. Qc4 Qxc4 29. Rxc4 Kg7 30. Rc7 Kf6 31. Nc6 Re8 32. Ne5 Rf8 33. Rb7 Ke6 34. Rb6+ Kd5 35. f3 g5 36. Ng4 f5 37. Nxh6 gxf4 38. Nxf5 Nc6 39. Nh4 Re8 40. Rb2 Nd4 41. Ng6 Ne2+ 42. Rxe2 Rxe2 43. Nxf4+ 1-0

[Event "Gibraltar Amateur op-A"]
[Site "Caleta"]
[Date "2019.01.22"]
[Round "2"]
[White "Ralivololona, Hanitriniaina Andri"]
[Black "Ocana, Jeremy"]
[Result "0-1"]
[WhiteElo "1399"]
[BlackElo "1695"]
[PlyCount "54"]
[EventDate "2019.01.21"]
[EventType "swiss"]
[EventRounds "5"]
[EventCountry "GGB"]
[SourceTitle "CBM 188 Extra"]
[Source "ChessBase"]
[SourceDate "2019.02.26"]
[SourceVersion "1"]
[SourceVersionDate "2019.02.26"]
[SourceQuality "1"]

1. e4 e6 2. d4 d5 3. exd5 exd5 4. Nc3 Nf6 5. h3 Be7 6. Nf3 0-0 7. Bd3 b6 8. 0-0 c5 9. dxc5 bxc5 10. Bb5 d4 11. Ne2 Qb6 12. a4 a6 13. Bc4 Bb7 14. Ng3 h6 15. Re1 Nc6 16. c3 Rad8 17. Qc2 Bd6 18. Bd2 Na5 19. Ba2 d3 20. Qb1 Bxg3 21. fxg3 c4+ 22. Kh2 Bxf3 23. gxf3 Qf2+ 24. Kh1 Qxf3+ 25. Kg1 Qxg3+ 26. Kf1 Rd5 27. Re3 Rf5+ 0-1

[Event "Gibraltar Amateur op-B"]
[Site "Caleta"]
[Date "2017.01.30"]
[Round "3"]
[White "Ocana, Jeremy"]
[Black "Alonso Prieto, Victor"]
[Result "1-0"]
[WhiteElo "1733"]
[BlackElo "1507"]
[PlyCount "143"]
[EventDate "2017.01.28"]
[EventType "swiss"]
[EventRounds "5"]
[EventCountry "GGB"]
[SourceTitle "EXT 2018"]
[Source "ChessBase"]
[SourceDate "2017.10.13"]
[SourceVersion "1"]
[SourceVersionDate "2017.10.13"]
[SourceQuality "1"]

1. d4 Nf6 2. Bf4 g6 3. e3 Bg7 4. Nf3 0-0 5. h3 d6 6. Nc3 Nbd7 7. Bc4 b6 8. Qe2 Bb7 9. Ba6 Qc8 10. Bxb7 Qxb7 11. a4 Ne4 12. 0-0 Nxc3 13. bxc3 Nf6 14. Nd2 Rfe8 15. Qf3 Qxf3 16. Nxf3 Nd5 17. Ra3 Rad8 18. Bg3 Nf6 19. Bh4 Rc8 20. Bxf6 Bxf6 21. e4 c5 22. e5 dxe5 23. dxe5 Bg7 24. c4 Red8 25. a5 Rc6 26. Rb1 f6 27. axb6 axb6 28. Ra7 fxe5 29. Rxe7 Kf8 30. Nxe5 Bxe5 31. Rxe5 Re8 32. Rd5 Re4 33. Rd7 Re7 34. Rd8+ Kg7 35. f3 Rce6 36. Rb2 Ra7 37. Rd3 Ra4 38. Rc3 Rc6 39. Rd3 Re6 40. Rc3 Rd6 41. Kf2 Rd2+ 42. Ke3 Rd4 43. Rxb6 Raxc4 44. Rxc4 Rxc4 45. Rb2 Kf6 46. g3 Rc3+ 47. Ke4 Rc4+ 48. Kd3 Rd4+ 49. Kc3 Ra4 50. Rb3 h5 51. Rb5 Ra3+ 52. Kc4 Rxf3 53. Rb3 Rf2 54. Rc3 Rf5 55. Rd3 Rf2 56. c3 Rh2 57. h4 Rg2 58. Kxc5 Re2 59. c4 Re5+ 60. Kc6 Ra5 61. Rd6+ Kf7 62. Rd5 Ra1 63. Kd7 Ra7+ 64. Kc6 Ra2 65. c5 Ra3 66. Rg5 Rc3 67. Kc7 Kf6 68. c6 Rc1 69. Kb6 Rb1+ 70. Rb5 Rc1 71. c7 Rc3 72. Rc5 1-0

[Event "Gibraltar Amateur op-B"]
[Site "Caleta"]
[Date "2016.02.03"]
[Round "5"]
[White "Ocana, Jeremy"]
[Black "McLeod, Paul"]
[Result "1-0"]
[WhiteElo "1706"]
[BlackElo "1324"]
[PlyCount "63"]
[EventDate "2016.01.30"]
[EventType "swiss"]
[EventRounds "5"]
[EventCountry "GGB"]
[SourceTitle "CBM 170 Extra"]
[Source "ChessBase"]
[SourceDate "2016.02.25"]
[SourceVersion "1"]
[SourceVersionDate "2016.02.25"]
[SourceQuality "1"]

1. e4 e5 2. Nf3 d6 3. d4 exd4 4. Nxd4 Nf6 5. Nc3 Be7 6. Bd3 0-0 7. f3 c5 8. Nde2 Nc6 9. Bf4 a6 10. a4 Be6 11. b3 Nb4 12. 0-0 Nh5 13. Nd5 Bxd5 14. exd5 Nxf4 15. Nxf4 Bf6 16. Rb1 Be5 17. Ne2 Qb6 18. c4 a5 19. f4 Bf6 20. g4 h6 21. Rf3 Rfe8 22. Kh1 Qd8 23. Ng3 Kh8 24. Qf1 Qd7 25. Bf5 Qd8 26. g5 Be7 27. Qh3 Bxg5 28. fxg5 Qxg5 29. Ne4 Qe7 30. Rg1 f6 31. Rfg3 Rg8 32. Rg6 1-0

[Event "Gibraltar Amateur op-B"]
[Site "Caleta"]
[Date "2016.01.30"]
[Round "1"]
[White "Ocana, Jeremy"]
[Black "Boabaid, Jorge Alberto Duard"]
[Result "0-1"]
[WhiteElo "1706"]
[BlackElo "1895"]
[PlyCount "28"]
[EventDate "2016.01.30"]
[EventType "swiss"]
[EventRounds "5"]
[EventCountry "GGB"]
[SourceTitle "CBM 170 Extra"]
[Source "ChessBase"]
[SourceDate "2016.02.25"]
[SourceVersion "1"]
[SourceVersionDate "2016.02.25"]
[SourceQuality "1"]

1. d4 Nf6 2. Bf4 e6 3. e3 d5 4. Bd3 c5 5. dxc5 Bxc5 6. Nf3 Nc6 7. 0-0 0-0 8. c3 h6 9. a4 Bd6 10. Na3 e5 11. Bg3 e4 12. Bxd6 Qxd6 13. Bxe4 Nxe4 14. Nb5 Qd8 0-1